[Event "FRA-ch U14 Girls"]
[Site "Montbeliard"]
[Date "2014.04.22"]
[Round "3"]
[White "Mutzel, Annabelle"]
[Black "Ragot Gaufreteau, Maelyss"]
[Result "0-1"]
[WhiteElo "1470"]
[BlackElo "1597"]
[PlyCount "106"]
[EventDate "2014.04.21"]
[EventType "swiss"]
[EventRounds "9"]
[EventCountry "FRA"]
[SourceTitle "CBM 160 Extra"]
[Source "ChessBase"]
[SourceDate "2014.07.01"]
[SourceVersion "1"]
[SourceVersionDate "2014.07.01"]
[SourceQuality "1"]

1. e4 c5 2. c3 d5 3. exd5 Qxd5 4. d4 g6 5. Nf3 Bg7 6. Be2 Nh6 7. 0-0 0-0 8. dxc5 Qxc5 9. Be3 Qc7 10. Na3 Nf5 11. Nb5 Qa5 12. b4 Nxe3 13. bxa5 Nxd1 14. Nc7 Nxc3 15. Rae1 Na6 16. Bxa6 bxa6 17. Nxa8 Be6 18. Rxe6 fxe6 19. Nc7 Nxa2 20. Re1 Rc8 21. Nxa6 Rc6 22. Nb8 Rd6 23. g3 Nb4 24. Rb1 Bc3 25. Rb3 Nd5 26. a6 Ba5 27. Rb7 Bc7 28. Rxa7 Bxb8 29. Ra8 Kg7 30. Ne5 Bc7 31. a7 Nb6 32. Rc8 Rd1+ 33. Kg2 Bxe5 34. Rc6 Ra1 35. Rxb6 Rxa7 36. Rxe6 Bd6 37. h4 Ra2 38. Kf3 Bc5 39. Re2 Ra3+ 40. Kf4 Bd6+ 41. Kg4 h5+ 42. Kh3 Kf6 43. Kg2 Rd3 44. Ra2 e5 45. Ra6 e4 46. Ra2 Kf5 47. Ra5+ Kf6 48. Ra2 Bc5 49. Ra6+ Kf5 50. Ra5 Rc3 51. Ra2 Kf6 52. Ra6+ Kf5 53. Ra2 e3 0-1

[Event "EU Union-ch U13 11th"]
[Site "Mureck"]
[Date "2013.08.05"]
[Round "6"]
[White "Mutzel, Annabelle"]
[Black "Meglic, Jaka"]
[Result "0-1"]
[WhiteElo "1417"]
[BlackElo "1584"]
[PlyCount "84"]
[EventDate "2013.07.31"]
[EventType "swiss"]
[EventRounds "9"]
[EventCountry "AUT"]
[SourceTitle "CBM 155 Extra"]
[Source "ChessBase"]
[SourceDate "2013.08.26"]
[SourceVersion "1"]
[SourceVersionDate "2013.08.26"]
[SourceQuality "1"]

1. e4 c5 2. c3 d5 3. exd5 Qxd5 4. d4 Nf6 5. Nf3 e6 6. Be3 cxd4 7. cxd4 Bb4+ 8. Nc3 0-0 9. Bd3 b6 10. 0-0 Bxc3 11. bxc3 Ba6 12. Bxa6 Nxa6 13. Qa4 Nb8 14. c4 Qc6 15. Qb3 Nbd7 16. a4 Rac8 17. Rac1 Rfd8 18. Rfd1 Qd6 19. h3 h6 20. Qb5 Nb8 21. c5 bxc5 22. dxc5 Qxd1+ 23. Rxd1 Rxd1+ 24. Kh2 Rd7 25. Bf4 Nc6 26. Ne5 Nxe5 27. Bxe5 Rd5 28. Bd6 Ne4 29. Qd7 Nxd6 30. cxd6 Rc4 31. Qe8+ Kh7 32. Qxf7 Rxa4 33. Qxe6 Rad4 34. g4 a5 35. Qe1 a4 36. f4 Rxd6 37. f5 Rd2+ 38. Kg3 R6d3+ 39. Kh4 Rh2 40. g5 Rhxh3+ 41. Kg4 h5+ 42. Kf4 Rhf3+ 0-1

[Event "EU Union-ch U13 11th"]
[Site "Mureck"]
[Date "2013.08.03"]
[Round "4"]
[White "Solc, Filip"]
[Black "Mutzel, Annabelle"]
[Result "1-0"]
[WhiteElo "1577"]
[BlackElo "1417"]
[PlyCount "45"]
[EventDate "2013.07.31"]
[EventType "swiss"]
[EventRounds "9"]
[EventCountry "AUT"]
[SourceTitle "CBM 155 Extra"]
[Source "ChessBase"]
[SourceDate "2013.08.26"]
[SourceVersion "1"]
[SourceVersionDate "2013.08.26"]
[SourceQuality "1"]

1. Nc3 c5 2. Nf3 Nc6 3. d4 cxd4 4. Nxd4 g6 5. Bf4 a6 6. Nxc6 bxc6 7. e4 d6 8. Bc4 Bg7 9. Qd2 Bb7 10. Rd1 Qa5 11. 0-0 Nf6 12. Rfe1 Ng4 13. Bb3 0-0 14. h3 Bxc3 15. bxc3 Nf6 16. e5 dxe5 17. Rxe5 Nd5 18. Bh6 Qxc3 19. Rxd5 Qxd2 20. R5xd2 Rfe8 21. Rd7 Rab8 22. Bf4 Bc8 23. Rd8 1-0

[Event "EU Union-ch U13 11th"]
[Site "Mureck"]
[Date "2013.08.01"]
[Round "2"]
[White "Zunic, Gregor"]
[Black "Mutzel, Annabelle"]
[Result "0-1"]
[WhiteElo "1545"]
[BlackElo "1417"]
[PlyCount "96"]
[EventDate "2013.07.31"]
[EventType "swiss"]
[EventRounds "9"]
[EventCountry "AUT"]
[SourceTitle "CBM 155 Extra"]
[Source "ChessBase"]
[SourceDate "2013.08.26"]
[SourceVersion "1"]
[SourceVersionDate "2013.08.26"]
[SourceQuality "1"]

1. e4 c5 2. Nf3 Nc6 3. d4 cxd4 4. Nxd4 g6 5. Nc3 Bg7 6. Be3 d6 7. Bc4 Nf6 8. 0-0 0-0 9. Qd2 Re8 10. Nf3 b6 11. Rfe1 Bb7 12. Bh6 Rc8 13. Bxg7 Kxg7 14. Nd5 Ne5 15. Bb5 Nxf3+ 16. gxf3 Bc6 17. Nxf6 exf6 18. Bc4 Qd7 19. Re3 Re5 20. Rd1 Bxe4 21. Rxe4 Rxe4 22. Ba6 Re6 23. Bxc8 Qxc8 24. c3 Qc4 25. b3 Qe2 26. Qxe2 Rxe2 27. Rxd6 Rxa2 28. Rd3 Ra3 29. c4 f5 30. Kf1 Kf6 31. Kg2 h5 32. f4 Ke6 33. Kf3 a5 34. Ke3 f6 35. Kd4 g5 36. Ke3 h4 37. f3 Ra2 38. Rd2 Rxd2 39. Kxd2 gxf4 40. Kd3 Ke5 41. Kc3 h3 42. Kc2 Kd4 43. Kd2 a4 44. Kc2 axb3+ 45. Kxb3 Ke3 46. Kc3 Kxf3 47. Kd3 Kg2 48. Ke2 f3+ 0-1

[Event "Montigny le Bretonneux op 17th"]
[Site "Montigny le Bretonneux"]
[Date "2013.05.18"]
[Round "4"]
[White "De Romance, Flavien"]
[Black "Mutzel, Annabelle"]
[Result "0-1"]
[WhiteElo "1310"]
[BlackElo "1406"]
[PlyCount "84"]
[EventDate "2013.05.18"]
[EventType "swiss"]
[EventRounds "9"]
[EventCountry "FRA"]
[SourceTitle "EXT 2014"]
[Source "ChessBase"]
[SourceDate "2013.11.20"]
[SourceVersion "1"]
[SourceVersionDate "2013.11.20"]
[SourceQuality "1"]

1. Nf3 c5 2. g3 d5 3. d3 g6 4. Bg2 Bg7 5. 0-0 e5 6. e4 d4 7. c3 Nc6 8. b3 Nge7 9. Bb2 0-0 10. cxd4 cxd4 11. Nbd2 h6 12. Rc1 Nb4 13. Nc4 Nec6 14. Ba3 Re8 15. Qd2 a5 16. h3 b5 17. Nb2 Qb6 18. g4 Nxa2 19. Bc5 Qb7 20. Ra1 Ncb4 21. g5 h5 22. Nh4 Qc6 23. Bxd4 exd4 24. e5 Qc3 25. Qxc3 dxc3 26. Bxa8 cxb2 27. Rae1 Nc3 28. d4 Nc2 29. Rc1 bxc1Q 30. Rxc1 Ne2+ 31. Kh2 Nxc1 32. Bc6 Bxe5+ 33. dxe5 Rxe5 34. Ba8 Rxg5 35. Nf3 Rf5 36. h4 Nxb3 37. Kg3 a4 38. Be4 Rc5 39. Kf4 a3 40. Ng5 a2 41. Nh3 a1Q 42. f3 Qe5# 0-1

[Event "Styrian op U08/12 19th"]
[Site "Mureck"]
[Date "2012.08.07"]
[Round "7"]
[White "Gelbenegger, Patrick"]
[Black "Mutzel, Annabelle"]
[Result "1/2-1/2"]
[WhiteElo "1634"]
[BlackElo "1406"]
[PlyCount "120"]
[EventDate "2012.08.01"]
[EventType "swiss"]
[EventRounds "9"]
[EventCountry "AUT"]
[SourceTitle "EXT 2014"]
[Source "ChessBase"]
[SourceDate "2013.11.20"]
[SourceVersion "1"]
[SourceVersionDate "2013.11.20"]
[SourceQuality "1"]

1. e4 c5 2. Nf3 Nc6 3. d4 cxd4 4. Nxd4 g6 5. c4 Bg7 6. Be3 Nf6 7. Nc3 0-0 8. Be2 d6 9. 0-0 e5 10. Ndb5 Ne8 11. Nd5 a6 12. Nbc3 Be6 13. Rc1 Bxd5 14. Nxd5 Rb8 15. Bb6 Qh4 16. f3 Nf6 17. Bc7 Nxd5 18. cxd5 Rbc8 19. dxc6 Rxc7 20. Qxd6 Rfc8 21. cxb7 Rxc1 22. Rxc1 Rxc1+ 23. Bf1 Qh6 24. b8Q+ Bf8 25. Qd3 Kg7 26. Qxe5+ Kg8 27. Qdd4 Bg7 28. Qe8+ Bf8 29. Qed8 Rc6 30. Qd2 Qg7 31. Q8d4 Qxd4+ 32. Qxd4 Bc5 33. Qxc5 Rxc5 34. Bxa6 Rc1+ 35. Kf2 Rc2+ 36. Kg3 Rxb2 37. Bc4 Kg7 38. a4 Rb4 39. Bb5 Kf6 40. Kf4 g5+ 41. Kg3 Ke5 42. Kg4 h6 43. Bd7 Rb2 44. Kg3 h5 45. h4 gxh4+ 46. Kxh4 Rxg2 47. Kxh5 Kf4 48. Kh6 Kxf3 49. Kh7 Kf4 50. Bf5 Ra2 51. Kg7 Rxa4 52. Kxf7 Ke5 53. Kg8 Ra7 54. Kh8 Kf6 55. Bh7 Ra8+ 56. Bg8 Ke5 57. Kh7 Kxe4 58. Kh8 Kf5 59. Kg7 Ra7+ 60. Kh8 Kg6 1/2-1/2